000 00657nam a2200277Ia 4500
001 Z_1531
003 CHAP
008 220113s1985 xx 000 0 und d
010 _a164619
040 _cCHAP
082 _a338.19 B3
100 _aBarkin, David
_910216
245 _aEl fin de la autosuficiencia alimentaria /
_cpor David Barkin y Blanca Suárez
260 _aMéxico :
_bOcéano,
_c1985
300 _a349 p
440 _a
500 _a
503 _aC/E
650 _aAlimentos
_xAbastecimiento de I. Suárez Blanca
_9138673
901 _a338.19 B3
902 _aA
910 _a1985
942 _c1
942 _cc1
999 _c164619
_d164619